| 000 | 00374nam a22001577a 4500 | ||
|---|---|---|---|
| 003 | OSt | ||
| 005 | 20211010125205.0 | ||
| 008 | 211010b |||||||| |||| 00| 0 eng d | ||
| 020 | _a9788126512621 | ||
| 040 | _cHU | ||
| 082 | _a330 | ||
| 100 |
_a Welch, Patrick J _912041 |
||
| 245 | _a Economic. Theory and practice | ||
| 300 |
_axiv544 _bpc _c25cm |
||
| 942 |
_2ddc _cBOOKS _n0 |
||
| 999 |
_c11160 _d11160 |
||